000 00646nam a22002417a 4500
001 BR8800299
003 BR-BrBNA
005 20230928092826.0
007 ta
008 230509b bl.||||| |||| 00| 0 por d
040 _aBR-BrBNA
_bpor
_cBiblioteca Nacional de Agricultura
041 _a(Por)
072 _aF01
_b1300
090 _ 1300 BR8800299
100 1 _aFilgueira, F.A.R.
245 1 _aABC da olericultura. Guia da pequena horta
260 3 _aSao Paulo, SP (Brasil):
_bEditora Agronomica Ceres,
_c1987.
300 _a164 p.
500 _a11 ref.
650 _aOLERICULTURA
909 _a202309
_bLucia
_c55
_dLucia Elande
942 _cBK
999 _c41414
_d41414